Quel est cet arbre fruitier ? - Statistiques

Statistiques générales
  • Ce quiz a été pris 94 fois
  • Le résultat moyen est 11 sur 30
Statistiques - réponses
Par images Hint Réponse % Correct
B Bananier
98%
C Cocotier
79%
O Oranger
75%
C Cerisier
71%
M Murier
66%
C Citronnier
65%
A Abricotier
64%
L Litchi
61%
A Amandier
50%
P Pommier
50%
F Figuier
46%
D Dattier
45%
F Figuier de Barbarie
36%
O Olivier
36%
P Poirier
35%
G Grenadier
31%
N Noyer
29%
P Plaqueminier
28%
M Mandarinier
26%
C Carambolier
23%
P Pêcher
23%
M Manguier
21%
A Arbousier
20%
C Cognassier
20%
P Prunier
16%
P Papayer
13%
C Chataigner
5%
A Avocatier
4%
M Mangoustanier
3%
P Pistachier
1%
Aucun quiz correspondant
Distribution des résultats
% des personnes avec chaque résultat
Percentile par nombre de réponses
Votre historique - résultats
Vous n’avez pas pris ce quiz